"Смит и сын" - английская фирма "Smith & Son". О денежных делах

Доступно только в Электронных читальных залах Найти на картеНа карте
RUSMARC
00004560nac2a22003253x 450
001321a0e27-f9b9-43fb-be38-08e6f528857d
00520211210174049.0
100##$a20211120l1911 k y0rusy50 ca
1010#$aeng
102##$aRU
105##$ay z |||||
1220#$ad19111103
2001#$a"Смит и сын" - английская фирма "Smith & Son". О денежных делах
$j03 ноября 1911
215##$a1 лист
251##$cДело
300##$aЗаголовок дела на папке: Открытое письмо фирмы "Смитт и сын" - Звегинцевой Екатерине Михайловне. (О денежных делах)
300##$aНа папке дела: 1911
300##$aЛист: 1 - почтовая открытка
300##$aТекст на английском языке
300##$aРукописный текст
330##$aВходит в раздел описи: 4. Переписка разных лиц с женой фондообразователя - Екатериной Михайловной Звегинцевой
461#0$1001fc48e33c-c630-4015-85dd-2f2aab656f45
$12001
$aЗвегинцев Александр Иванович, помещик Воронежской губернии, депутат III Государственной думы, член партии "Союз 17 октября"
$1251
$cФонд
$1852
$j932
462#0$1001ddcf82e7-7bd9-4c5e-b7f1-85df8b3febb3
$12001
$aДела постоянного хранения. 1899-1913 гг.
$vД. 749
$1251
$cОпись
$1852
$j1
5171#$aОткрытое письмо фирмы "Смитт и сын" - Звегинцевой Екатерине Михайловне. (О денежных делах)
600#1$aЗвегинцев
$bА. И.
$gАлександр Иванович
600#1$aЗвегинцева
$bЕ. М.
$gЕкатерина Михайловна
60102$a"Смит и сын", фирма
801#0$aRU
$bGA_RF
801#1$aRU
$bГлавНИВЦ
$c20211120
$2rusmarc
801#2$aRU
$bПБ им. Б.Н. Ельцина
$c20211210
$gRCR
$2rusmarc
852##$aГА РФ
$j749
937##$d171450110
$hГАРФ
035##$aRuPRLIB51062833
856##$uhttp://readingroom.main.prlib.ru/item.aspx?id_node=n171450110&mode=full
Формат отображения